[Event "New Zealand Major Open 2016"]
[Site "Devonport, Auckland NZL"]
[Date "2016.01.10"]
[Round "9.2"]
[White "Post, Martin J"]
[Black "Fuatai, Fuatai"]
[Result "0-1"]
[WhiteElo "1883"]
[BlackElo "1971"]
[PlyCount "114"]
[EventDate "2016.01.02"]

1. Nf3 d5 2. c4 Nf6 3. cxd5 Nxd5 4. Nc3 g6 5. e4 Nxc3 6. bxc3 Bg7 7. d4 c5 8.
Bb2 Nc6 9. Qd2 Bg4 10. Bb5 Bxf3 11. Bxc6+ bxc6 12. gxf3 O-O 13. O-O Rb8 14.
Rfd1 Qb6 15. Ba3 cxd4 16. cxd4 Rfd8 17. Bxe7 Rxd4 18. Qe2 Qc7 19. Rxd4 Bxd4 20.
Rd1 Bxf2+ 21. Kxf2 Qxe7 22. Rc1 Qe5 23. Ke3 c5 24. f4 Qd4+ 25. Kf3 Rb2 26. Rc4
Rxe2 27. Rxd4 Rxa2 28. Rd8+ Kg7 29. Rc8 Rxh2 30. Rxc5 Ra2 31. e5 h5 32. Rc7 Kf8
33. Rc8+ Ke7 34. Rc7+ Ke8 35. Rc8+ Kd7 36. Rb8 Rc2 37. f5 gxf5 38. Ra8 Rc7 39.
Kf4 Ke6 40. Re8+ Re7 41. Rh8 Kd5 42. Rd8+ Kc6 43. Kxf5 a5 44. Rd6+ Kc5 45. Rh6
Ra7 46. Rxh5 a4 47. Kf6 Kb4 48. Rh4+ Kb5 49. Rh5 Kc6 50. Rh3 Kd5 51. Rd3+ Kc6
52. Rh3 a3 53. Rh1 a2 54. Ra1 Kd5 55. Kf5 Ra6 56. Rd1+ Kc4 57. Rc1+ Kb3 0-1

[Event "New Zealand Major Open 2016"]
[Site "Devonport, Auckland NZL"]
[Date "2016.01.10"]
[Round "9.3"]
[White "Pakenham, John"]
[Black "Aldridge, Alan L"]
[Result "0-1"]
[WhiteElo "1733"]
[BlackElo "1865"]
[PlyCount "42"]
[EventDate "2016.01.02"]

1. f4 d5 2. Nf3 Nf6 3. e3 c5 4. d4 Nc6 5. Bb5 cxd4 6. exd4 Qb6 7. Bxc6+ bxc6 8.
c3 Ba6 9. Qc2 e6 10. Nbd2 Qb5 11. Nb3 Bd6 12. Ne5 O-O 13. Be3 Ne4 14. a4 Qb8
15. Na5 Qc7 16. h4 f6 17. Nexc6 Bxf4 18. Bg1 Bd2+ 19. Kd1 Qf4 20. Be3 Qxe3 21.
h5 Nf2# 0-1

[Event "New Zealand Major Open 2016"]
[Site "Devonport, Auckland NZL"]
[Date "2016.01.10"]
[Round "9.4"]
[White "Lyall, Simon"]
[Black "Song, Kate"]
[Result "0-1"]
[WhiteElo "1811"]
[BlackElo "1587"]
[PlyCount "80"]
[EventDate "2016.01.02"]

1. e4 e6 2. d4 d5 3. e5 c5 4. c3 Nc6 5. Nf3 Qb6 6. a3 a5 7. Be2 Be7 8. O-O Nh6
9. b3 cxd4 10. cxd4 Nf5 11. Bb2 O-O 12. Bd3 Rd8 13. Bc2 Bd7 14. Qd3 g6 15. Rd1
Rdc8 16. Nc3 Na7 17. Rac1 Rc7 18. g4 Nh4 19. Nxh4 Bxh4 20. f4 Be7 21. Qh3 Nb5
22. Na4 Qa7 23. g5 Rac8 24. Qd3 Nxa3 25. Bxa3 Bxa3 26. Ra1 Bb4 27. Ra2 Bxa4 28.
bxa4 Rc3 29. Qe2 Qb6 30. Kh1 Qc6 31. Bd3 Rc1 32. Bb5 Rxd1+ 33. Qxd1 Qc1 34.
Qxc1 Rxc1+ 35. Kg2 Bc3 36. Kf3 Bxd4 37. Ke2 b6 38. Kd3 Bc5 39. Rc2 Rf1 40. Kc3
Rxf4 0-1

[Event "New Zealand Major Open 2016"]
[Site "Devonport, Auckland NZL"]
[Date "2016.01.10"]
[Round "9.5"]
[White "Goh, Sean Christian"]
[Black "Picken, Oliver"]
[Result "1-0"]
[WhiteElo "1739"]
[BlackElo "1480"]
[PlyCount "63"]
[EventDate "2016.01.02"]

1. d4 f5 2. Bg5 d5 3. e3 Nf6 4. Bxf6 exf6 5. Bd3 Bd6 6. Nf3 O-O 7. Nbd2 Re8 8.
O-O c6 9. c4 dxc4 10. Nxc4 Bc7 11. Rc1 b5 12. Ncd2 g5 13. Qc2 g4 14. Nh4 Qd6
15. g3 h5 16. Bxf5 Bb7 17. Bh7+ Kh8 18. Ng6+ Kxh7 19. Ne5+ f5 20. Qxf5+ Kg7 21.
Qf7+ Kh6 22. Qxe8 Na6 23. Nf7+ Kg7 24. Nxd6 Rxe8 25. Nxe8+ Kg8 26. Nxc7 Nxc7
27. e4 Ne6 28. Nb3 Ng5 29. Nc5 Bc8 30. Nd3 c5 31. Rxc5 Nh3+ 32. Kg2 1-0

[Event "New Zealand Major Open 2016"]
[Site "Devonport, Auckland NZL"]
[Date "2016.01.10"]
[Round "9.6"]
[White "Sharma, Akshay"]
[Black "Krstev, Antonio"]
[Result "0-1"]
[WhiteElo "1361"]
[BlackElo "2046"]
[PlyCount "108"]
[EventDate "2016.01.02"]

1. e4 e6 2. d4 d5 3. Nc3 Nf6 4. e5 Nfd7 5. f4 c5 6. Nf3 Nc6 7. Be3 a6 8. Bd3
cxd4 9. Nxd4 Bc5 10. Nxc6 bxc6 11. Bxc5 Nxc5 12. b4 Nxd3+ 13. Qxd3 Qb6 14. a3
O-O 15. Na4 Qc7 16. Nc5 f6 17. Qd4 fxe5 18. Qxe5 Qxe5+ 19. fxe5 Rf5 20. Nd3 a5
21. Ke2 Ba6 22. Ke3 Bxd3 23. cxd3 Rxe5+ 24. Kd4 Re2 25. Rac1 axb4 26. axb4 Ra6
27. Rhf1 Rb6 28. Kc5 Rb5+ 29. Kxc6 Rxb4 30. Kd6 Rb6+ 31. Kd7 Rb7+ 32. Kd6 h6
33. Rce1 Rb6+ 34. Kd7 Rbb2 35. h4 h5 36. Rxe2 Rxe2 37. g4 hxg4 38. Rg1 Kf7 39.
Rxg4 g6 40. Rf4+ Kg7 41. Kd6 Re3 42. d4 Re4 43. Rf2 Rxh4 44. Kxe6 Rxd4 45. Ke5
Rd1 46. Rf4 Kh6 47. Kf6 Rh1 48. Rg4 Rf1+ 49. Ke6 Rf5 50. Rd4 Kg5 51. Ra4 Rf4
52. Ra5 Rf6+ 53. Ke5 Rf5+ 54. Kd4 Kg4 0-1

[Event "New Zealand Major Open 2016"]
[Site "Devonport, Auckland NZL"]
[Date "2016.01.10"]
[Round "9.7"]
[White "Rains, Timothy"]
[Black "Bryan, Jason"]
[Result "1/2-1/2"]
[WhiteElo "1819"]
[BlackElo "1833"]
[PlyCount "109"]
[EventDate "2016.01.02"]

1. d4 d5 2. c4 c6 3. Nc3 Nf6 4. Nf3 e6 5. Bg5 dxc4 6. e4 b5 7. e5 h6 8. Bh4 g5
9. exf6 gxh4 10. a4 Bb4 11. Be2 Bb7 12. O-O Bxc3 13. bxc3 Qxf6 14. Qb1 a6 15.
Ne5 Nd7 16. f4 Rb8 17. Bh5 Rf8 18. Qh7 Qf5 19. Qxf5 exf5 20. Rae1 Kd8 21. Nxf7+
Kc7 22. Re7 bxa4 23. Ne5 Bc8 24. Bf3 Rf6 25. Nxc4 Rb3 26. Rc1 Kd8 27. Rg7 Nb6
28. Ne5 a3 29. Bd1 Rb2 30. Nd3 Rd2 31. Nc5 Nd5 32. Bf3 a2 33. Nb7+ Bxb7 34.
Rxb7 Nxc3 35. Rb6 Ne2+ 36. Bxe2 Rxe2 37. Kf1 Rd2 38. Rxa6 Rg6 39. d5 Rdxg2 40.
Ra8+ Kc7 41. Rxc6+ Rxc6 42. Kxg2 Rc2+ 43. Kh3 Kd6 44. Ra5 Rf2 45. Kxh4 Rxh2+
46. Kg3 Rb2 47. Kh4 Rf2 48. Kg3 Rd2 49. Kh4 Kc7 50. Kh5 Kd6 51. Kxh6 Rg2 52.
Kh5 Rg4 53. Rxa2 Kxd5 54. Ra4 Rg8 55. Kh4 1/2-1/2

[Event "New Zealand Major Open 2016"]
[Site "Devonport, Auckland NZL"]
[Date "2016.01.10"]
[Round "9.8"]
[White "Cooper, Nigel M"]
[Black "Eade, Don G"]
[Result "0-1"]
[WhiteElo "1692"]
[BlackElo "1874"]
[PlyCount "100"]
[EventDate "2016.01.02"]

1. d4 Nf6 2. Bg5 Ne4 3. Bf4 g6 4. f3 Nf6 5. e4 d6 6. Qd2 Bg7 7. Bh6 O-O 8. Bxg7
Kxg7 9. Nc3 c6 10. O-O-O b5 11. g4 Qa5 12. b3 Bd7 13. Kb2 c5 14. Be2 cxd4 15.
Qxd4 Nc6 16. Qe3 Rab8 17. h4 h5 18. gxh5 Nxh5 19. f4 Rh8 20. Bxh5 Rxh5 21. Rd5
Rbh8 22. Nf3 Be6 23. Rxh5 Rxh5 24. Nd4 Nxd4 25. Qxd4+ f6 26. Qf2 b4 27. Nb1 Qc7
28. Rg1 f5 29. Qg3 Bf7 30. Nd2 Qc5 31. Qe1 Qd4+ 32. Kb1 fxe4 33. Nxe4 Rxh4 34.
Ng3 Qf6 35. Nf5+ Qxf5 36. Qxh4 Qe4 37. Re1 Qd4 38. Qxe7 Qxf4 39. Qxa7 g5 40. a4
bxa3 41. Qxa3 Bg6 42. Qa7+ Kh6 43. Rh1+ Bh5 44. Qg1 Kg6 45. Rh2 Bf3 46. Rf2 g4
47. Qf1 Kf5 48. Ka2 Qe3 49. Kb1 Kf4 50. Re2 Qxe2 0-1

[Event "New Zealand Major Open 2016"]
[Site "Devonport, Auckland NZL"]
[Date "2016.01.10"]
[Round "9.9"]
[White "Mallela, Raivath"]
[Black "Michael, Andrew"]
[Result "0-1"]
[WhiteElo "1265"]
[BlackElo "1741"]
[PlyCount "84"]
[EventDate "2016.01.02"]

1. d4 Nf6 2. c4 g6 3. Nc3 Bg7 4. e4 d6 5. Nf3 O-O 6. Be2 c5 7. d5 Nbd7 8. O-O
a6 9. Be3 Ng4 10. Bd2 Rb8 11. h3 Nge5 12. Nxe5 Nxe5 13. f4 Nd7 14. Rb1 Qc7 15.
Kh1 b6 16. Qc2 Re8 17. a3 Nf6 18. b4 Bd7 19. e5 Bf5 20. Bd3 Nh5 21. exd6 exd6
22. Kh2 Bxd3 23. Qxd3 f5 24. Rbe1 Nf6 25. b5 axb5 26. Nxb5 Qd7 27. a4 Ne4 28.
a5 Nxd2 29. Qxd2 bxa5 30. Qxa5 Re4 31. Rxe4 fxe4 32. Qc7 Qxc7 33. Nxc7 Rb4 34.
Rc1 e3 35. Kg3 Rb2 36. Kf3 Bd4 37. Nb5 Rf2+ 38. Kg3 g5 39. fxg5 Be5+ 40. Kg4
Rf4+ 41. Kh5 e2 42. Re1 Re4 0-1

[Event "New Zealand Major Open 2016"]
[Site "Devonport, Auckland NZL"]
[Date "2016.01.10"]
[Round "9.10"]
[White "Goh, Ethan"]
[Black "Mukkattu, Philip"]
[Result "0-1"]
[WhiteElo "1668"]
[BlackElo "1733"]
[PlyCount "98"]
[EventDate "2016.01.02"]

1. Nf3 Nf6 2. g3 d5 3. Bg2 Bf5 4. O-O c6 5. d3 Qc8 6. Re1 Bh3 7. e4 Bxg2 8.
Kxg2 e6 9. c3 Qd8 10. Qe2 Bc5 11. e5 Ng8 12. Bf4 Nd7 13. Nbd2 Nf8 14. Rad1 Ng6
15. Be3 Bxe3 16. Qxe3 N8e7 17. Nb3 b6 18. Nfd4 h5 19. h3 Qd7 20. c4 c5 21. Nb5
Nf5 22. Qd2 d4 23. Qe2 Qc6+ 24. Qe4 Kd7 25. Qxc6+ Kxc6 26. a4 a5 27. Na3 h4 28.
g4 Nfe7 29. Nb5 Kd7 30. Re4 Raf8 31. Rde1 f5 32. exf6 Rxf6 33. Nc1 Rhf8 34. Kg1
e5 35. Rf1 Nc6 36. Ree1 Nb4 37. Rd1 Rf4 38. Na3 e4 39. Ne2 Rf3 40. dxe4 Nd3 41.
Nc1 Nxf2 42. Nc2 Nxd1 43. Rxd1 Rg3+ 44. Kh1 Rxh3+ 45. Kg1 Rg3+ 46. Kh1 Rxg4 47.
Re1 Rf2 48. Na3 Ne5 49. b3 Rgg2 0-1

[Event "New Zealand Major Open 2016"]
[Site "Devonport, Auckland NZL"]
[Date "2016.01.10"]
[Round "9.11"]
[White "George, Sandeep"]
[Black "Charles, Dion"]
[Result "1-0"]
[WhiteElo "1710"]
[BlackElo "1629"]
[PlyCount "59"]
[EventDate "2016.01.02"]

1. c4 Nf6 2. Nc3 g6 3. g3 c5 4. Bg2 Bg7 5. e3 Nc6 6. Nge2 d6 7. d4 cxd4 8. exd4
O-O 9. a3 Na5 10. b3 Bf5 11. Ra2 Qb6 12. Rb2 e5 13. d5 Ng4 14. O-O e4 15. h3
Ne5 16. Be3 Qd8 17. Nd4 Nf3+ 18. Kh1 Qd7 19. g4 Bxg4 20. Nxe4 Nxd4 21. hxg4 Nf3
22. Qxf3 f5 23. Ng5 Bxb2 24. Ne6 Rf7 25. Qe2 Bxa3 26. gxf5 Rxf5 27. Bh3 Rh5 28.
Kh2 Re8 29. Qxh5 gxh5 30. Rg1+ 1-0

[Event "New Zealand Major Open 2016"]
[Site "Devonport, Auckland NZL"]
[Date "2016.01.10"]
[Round "9.12"]
[White "Gallage KG, Roshan"]
[Black "Yan, Sarah"]
[Result "1-0"]
[WhiteElo "1800"]
[BlackElo "1362"]
[PlyCount "58"]
[EventDate "2016.01.02"]

1. d4 d5 2. c4 e6 3. Nc3 Nf6 4. Bg5 Be7 5. e3 c6 6. Nf3 O-O 7. Ne5 Nbd7 8. f4
h6 9. Bh4 Nh7 10. Bxe7 Qxe7 11. cxd5 exd5 12. Bd3 Nxe5 13. fxe5 Qg5 14. Qf3 Be6
15. O-O Rae8 16. e4 Rd8 17. Rad1 Bg4 18. Qf2 Bxd1 19. Rxd1 Qe7 20. exd5 cxd5
21. Qf5 g6 22. Qh3 h5 23. Rf1 Ng5 24. Qe3 Kg7 25. Rf6 Nh7 26. Rf4 a6 27. h4 Rd7
28. Qg3 Kh8 29. Na4 Rc7 1-0

[Event "New Zealand Major Open 2016"]
[Site "Devonport, Auckland NZL"]
[Date "2016.01.10"]
[Round "9.13"]
[White "Jacobs, Hilton J"]
[Black "Booth, Anthony J"]
[Result "1-0"]
[WhiteElo "1704"]
[BlackElo "1766"]
[PlyCount "75"]
[EventDate "2016.01.02"]

1. d4 d5 2. c4 c6 3. Nf3 g6 4. Nc3 Bg7 5. e3 Nf6 6. h3 O-O 7. Bd3 Re8 8. O-O
Nbd7 9. Re1 e5 10. dxe5 Nxe5 11. Nxe5 Rxe5 12. b3 Re8 13. Bb2 Ne4 14. Bxe4 dxe4
15. Na4 Qg5 16. Kh1 Bxb2 17. Nxb2 Be6 18. Qc2 Rad8 19. Rad1 Bd7 20. Rd4 f5 21.
Red1 Be6 22. Qd2 Rxd4 23. Qxd4 Qe7 24. Qxa7 c5 25. Na4 Rc8 26. Qb6 Kg7 27. Rd6
Bf7 28. Nxc5 Qe5 29. Ne6+ Kh6 30. Nd4 Ra8 31. Qc7 Kh5 32. Ne2 Qa1+ 33. Kh2 Bg8
34. Nf4+ Kh6 35. Qe7 Rxa2 36. Qh4+ Kg7 37. Rd7+ Kh8 38. Nxg6# 1-0

[Event "New Zealand Major Open 2016"]
[Site "Devonport, Auckland NZL"]
[Date "2016.01.10"]
[Round "9.14"]
[White "Calitz, Hananke"]
[Black "Braganza, Nadia"]
[Result "1-0"]
[WhiteElo "1612"]
[BlackElo "1129"]
[PlyCount "91"]
[EventDate "2016.01.02"]

1. d4 Nf6 2. Nf3 g6 3. e3 Bg7 4. c4 O-O 5. Nc3 d6 6. Be2 c5 7. O-O Nc6 8. d5
Ne5 9. Nxe5 dxe5 10. e4 b6 11. f4 Ne8 12. fxe5 Bxe5 13. Bh6 Bd4+ 14. Kh1 Ng7
15. Bg4 Qd6 16. Bxc8 Rfxc8 17. Nb5 Qe5 18. Nxd4 cxd4 19. Qd3 Rc5 20. Bf4 Qh5
21. Qxd4 Re8 22. e5 Nf5 23. Qd3 Rec8 24. b3 Qg4 25. h3 Qh4 26. g4 Ng7 27. Qe3
h5 28. Bg5 Qxg5 29. Qxg5 hxg4 30. hxg4 a5 31. Qxe7 Rf8 32. e6 Rcc8 33. exf7+
Kh8 34. Qh4+ Nh5 35. gxh5 gxh5 36. Qxh5+ Kg7 37. Rg1+ Kf6 38. Raf1+ Ke7 39.
Qe5+ Kd7 40. Qe6+ Kc7 41. Rg6 Rh8+ 42. Kg2 Rb8 43. Qc6+ Kd8 44. Rg8+ Rxg8+ 45.
fxg8=R+ Ke7 46. Qe6# 1-0

[Event "New Zealand Major Open 2016"]
[Site "Devonport, Auckland NZL"]
[Date "2016.01.10"]
[Round "9.15"]
[White "Li, Rodney Xiang Rei"]
[Black "Tan, Teck Woon"]
[Result "1-0"]
[WhiteElo "1479"]
[BlackElo "1505"]
[PlyCount "75"]
[EventDate "2016.01.02"]

1. e4 e6 2. d4 d5 3. exd5 exd5 4. c4 c6 5. Nc3 Nf6 6. Bg5 Be7 7. Bd3 dxc4 8.
Bxc4 O-O 9. Nge2 Nbd7 10. O-O Nb6 11. Bb3 Bg4 12. f3 Bf5 13. Ng3 Bg6 14. Nge4
h6 15. Bh4 Nbd5 16. Nxd5 Nxd5 17. Bxe7 Nxe7 18. Ng3 Qd7 19. Qd2 Rad8 20. Rad1
Nd5 21. f4 Rfe8 22. f5 Bh7 23. Bxd5 Qxd5 24. f6 Bg6 25. fxg7 Kxg7 26. Qf4 Rd7
27. Qg4 Kh7 28. Rf2 Rde7 29. a3 a6 30. Rff1 Rd7 31. Nf5 Re4 32. Qh3 Bxf5 33.
Rxf5 Qe6 34. Rdf1 Qg6 35. Rf6 Qg5 36. Qxd7 Re2 37. Rxf7+ Kg6 38. Rg7+ 1-0

[Event "New Zealand Major Open 2016"]
[Site "Devonport, Auckland NZL"]
[Date "2016.01.10"]
[Round "9.16"]
[White "Wang, Aaron Ziwen"]
[Black "Vincent, David A"]
[Result "1-0"]
[WhiteElo "1597"]
[BlackElo "1273"]
[PlyCount "93"]
[EventDate "2016.01.02"]

1. c4 e5 2. Nc3 f5 3. Nf3 d6 4. g3 Nf6 5. Bg2 Be7 6. O-O O-O 7. Ng5 c6 8. d3
Qe8 9. f4 Qg6 10. e4 fxe4 11. dxe4 exf4 12. Bxf4 Nh5 13. Qd2 h6 14. Nh3 Bg4 15.
Nf2 Nxf4 16. gxf4 Bf3 17. Nd3 Bxg2 18. Qxg2 Qxg2+ 19. Kxg2 Nd7 20. Rae1 Bh4 21.
Re2 Rae8 22. e5 dxe5 23. fxe5 Rxf1 24. Kxf1 Rf8+ 25. Kg2 Be7 26. e6 Nf6 27. Ne5
Nh5 28. Ng6 Nf4+ 29. Nxf4 Rxf4 30. Rd2 Rf6 31. Re2 g5 32. Nd1 Kf8 33. Nf2 h5
34. Nd3 Bd6 35. c5 Bc7 36. e7+ Ke8 37. Nf2 Rf7 38. Ne4 Rxe7 39. Nf6+ Kf7 40.
Rxe7+ Kxe7 41. Nxh5 Ke6 42. Ng3 Bxg3 43. Kxg3 Kf5 44. h3 Kf6 45. Kg4 Kg6 46. b4
b6 47. b5 1-0

[Event "New Zealand Major Open 2016"]
[Site "Devonport, Auckland NZL"]
[Date "2016.01.10"]
[Round "9.17"]
[White "Hooton, Barry R"]
[Black "Qin, Oscar Shu Xuan"]
[Result "1-0"]
[WhiteElo "1593"]
[BlackElo "1435"]
[PlyCount "69"]
[EventDate "2016.01.02"]

1. d4 d5 2. c4 e6 3. Nc3 Nf6 4. Bg5 Be7 5. Nf3 O-O 6. Qc2 Ng4 7. Bxe7 Qxe7 8.
cxd5 a6 9. dxe6 Bxe6 10. e3 b5 11. a3 Rd8 12. Bd3 h6 13. h3 Nf6 14. O-O Nc6 15.
Ne4 Bd5 16. Nxf6+ Qxf6 17. e4 Bc4 18. Bxc4 bxc4 19. d5 Ne5 20. Nxe5 Qxe5 21.
Qxc4 Rd7 22. b4 Re7 23. f3 a5 24. bxa5 Rxa5 25. Qb4 Ra8 26. Rfc1 Ree8 27. Qc3
Qxc3 28. Rxc3 Re7 29. a4 Ra5 30. Rc4 Kh7 31. Rb1 Ra7 32. Rb5 Kg6 33. a5 Kf6 34.
Rc6+ Ke5 35. d6+ 1-0

[Event "New Zealand Major Open 2016"]
[Site "Devonport, Auckland NZL"]
[Date "2016.01.10"]
[Round "9.18"]
[White "Meng, Richard"]
[Black "Blackmore, Matthew"]
[Result "1-0"]
[WhiteElo "1525"]
[BlackElo "1279"]
[PlyCount "137"]
[EventDate "2016.01.02"]

1. c4 Nf6 2. Nc3 d5 3. cxd5 Nxd5 4. g3 g6 5. Bg2 Nxc3 6. bxc3 Bg7 7. Rb1 c6 8.
Qc2 O-O 9. Nf3 Nd7 10. d3 Rb8 11. Be3 b6 12. Nd4 Bxd4 13. cxd4 Bb7 14. Qa4 c5
15. Bxb7 Rxb7 16. dxc5 Nxc5 17. Bxc5 Qd5 18. Qe4 Qxe4 19. dxe4 Rc7 20. Be3 Rc2
21. O-O Rxa2 22. Rfd1 Rc8 23. Ra1 Rcc2 24. Bh6 f6 25. Rxa2 Rxa2 26. Rd7 Kf7 27.
Kf1 b5 28. Rb7 a6 29. Ke1 a5 30. Rxb5 g5 31. h4 gxh4 32. gxh4 a4 33. Ra5 Ke6
34. Kd1 Kd7 35. Ra7+ Ke8 36. Bd2 Ra1+ 37. Kc2 Ra2+ 38. Kc1 a3 39. Bb4 Rxe2 40.
Rxe7+ Kd8 41. Bxa3 Rxf2 42. Rxh7 Rf4 43. Be7+ Ke8 44. Bxf6 Rxf6 45. Kd2 Rf3 46.
Ke2 Rb3 47. Kf2 Rc3 48. Kg2 Kf8 49. Kf2 Rb3 50. Rh5 Kf7 51. Rf5+ Ke6 52. Rf3
Rb2+ 53. Ke3 Rh2 54. Rf4 Rh3+ 55. Kd4 Rh1 56. Ke3 Rh3+ 57. Kf2 Ke5 58. Rg4 Rb3
59. Kg2 Re3 60. h5 Rb3 61. h6 Rb8 62. h7 Rh8 63. Rh4 Kf6 64. Kf3 Kg7 65. Kg4
Rxh7 66. Rxh7+ Kxh7 67. Kf5 Kg7 68. Ke6 Kf8 69. Kd7 1-0

[Event "New Zealand Major Open 2016"]
[Site "Devonport, Auckland NZL"]
[Date "2016.01.10"]
[Round "9.19"]
[White "Qin, Nicole Shu Yu"]
[Black "Goh, Julien"]
[Result "1-0"]
[WhiteElo "1329"]
[BlackElo "1170"]
[PlyCount "57"]
[EventDate "2016.01.02"]

1. d4 d5 2. c4 e6 3. Nc3 Nf6 4. cxd5 exd5 5. Bg5 Nbd7 6. e3 c6 7. Bd3 Qa5 8. a3
Be7 9. Nge2 O-O 10. O-O Re8 11. Qc2 Nf8 12. f3 Qc7 13. Bxf6 Bxf6 14. Nxd5 Qd6
15. Nxf6+ Qxf6 16. e4 Ne6 17. d5 Nd4 18. Nxd4 Qxd4+ 19. Kh1 cxd5 20. exd5 Qxd5
21. Bxh7+ Kf8 22. Be4 Qd6 23. Rad1 Qb8 24. Qc5+ Kg8 25. Qh5 Kf8 26. Bd5 Be6 27.
Bxe6 Rxe6 28. Rd7 Rh6 29. Qxf7# 1-0

[Event "New Zealand Major Open 2016"]
[Site "Devonport, Auckland NZL"]
[Date "2016.01.10"]
[Round "9.20"]
[White "Fu, Alex"]
[Black "Chandraveer, Singh Chauhan"]
[Result "1/2-1/2"]
[WhiteElo "1034"]
[BlackElo "1750"]
[PlyCount "57"]
[EventDate "2016.01.02"]

1. d4 e6 2. c4 Nf6 3. Nc3 Bb4 4. Bd2 O-O 5. e3 Nc6 6. Nf3 d5 7. a3 Be7 8. Qc2
h6 9. Bd3 dxc4 10. Bxc4 a6 11. O-O Bd6 12. e4 e5 13. dxe5 Nxe5 14. Nxe5 Bxe5
15. Rfe1 Qd4 16. Ba2 Ng4 17. Be3 Nxe3 18. Rxe3 Be6 19. Rd1 Qc5 20. Bxe6 fxe6
21. Qb3 Bd4 22. Na4 Qe5 23. Re2 b5 24. Nc3 Rf6 25. Red2 c5 26. Qc2 Raf8 27. Rf1
Qh5 28. Na2 Rg6 29. Kh1 1/2-1/2

[Event "New Zealand Major Open 2016"]
[Site "Devonport, Auckland NZL"]
[Date "2016.01.10"]
[Round "9.21"]
[White "Steadman, Mathew"]
[Black "Zhang, Toby"]
[Result "1-0"]
[WhiteElo "1473"]
[BlackElo "937"]
[PlyCount "87"]
[EventDate "2016.01.02"]

1. d3 d5 2. f4 Nc6 3. Nf3 Nf6 4. g3 Ng4 5. h3 Nf6 6. Bg2 e6 7. c3 Bd6 8. O-O e5
9. Qe1 O-O 10. e4 dxe4 11. dxe4 exf4 12. Bxf4 Bxf4 13. gxf4 Re8 14. Nbd2 Bf5
15. Rd1 Qc8 16. e5 Bxh3 17. Qg3 Nh5 18. Qxh3 Qxh3 19. Bxh3 Nxf4 20. Bd7 Re7 21.
Bxc6 bxc6 22. Nd4 Rxe5 23. Rxf4 c5 24. N4f3 Re6 25. Re1 Rxe1+ 26. Nxe1 Rd8 27.
Nef3 h6 28. Ra4 g5 29. Rxa7 g4 30. Rxc7 gxf3 31. Nxf3 Rb8 32. Rxc5 Rxb2 33. a4
Ra2 34. a5 Kf8 35. c4 Ke7 36. Rc7+ Ke6 37. Rc6+ Ke7 38. a6 Kd7 39. Rxh6 Kc7 40.
Nd4 Ra1+ 41. Kf2 Kb8 42. Nb5 Ra2+ 43. Ke3 Ka8 44. Rh8# 1-0

[Event "New Zealand Major Open 2016"]
[Site "Devonport, Auckland NZL"]
[Date "2016.01.10"]
[Round "9.23"]
[White "Oka, Tsukasa"]
[Black "Zhang, Jennifer"]
[Result "0-1"]
[WhiteElo "599"]
[BlackElo "1356"]
[PlyCount "48"]
[EventDate "2016.01.02"]

1. e4 e5 2. Nf3 Nc6 3. Nc3 Nf6 4. Bc4 Bc5 5. d3 h6 6. O-O d6 7. Be3 Bb6 8. d4
Bg4 9. Be2 O-O 10. Qd2 Re8 11. d5 Nd4 12. Qd1 c5 13. h3 Bh5 14. Nb5 Nxe2+ 15.
Qxe2 Nxe4 16. g4 Bg6 17. c4 Ba5 18. Rac1 a6 19. Na3 Rb8 20. Rfd1 Qd7 21. Nd2 b5
22. f3 Nf6 23. Nb3 Bd8 24. Qc2 Bxc2 0-1

[Event "New Zealand Major Open 2016"]
[Site "Devonport, Auckland NZL"]
[Date "2016.01.10"]
[Round "9.24"]
[White "Ang, Beatrice Sze Ning"]
[Black "Oka, Itsuki"]
[Result "1/2-1/2"]
[WhiteElo "1072"]
[BlackElo "362"]
[PlyCount "63"]
[EventDate "2016.01.02"]

1. e4 e6 2. Nf3 d5 3. exd5 exd5 4. d4 Nf6 5. Nc3 Nc6 6. Bb5 Bd7 7. Bxc6 Bxc6 8.
Be3 Bb4 9. Bd2 Bxc3 10. Bxc3 O-O 11. O-O Re8 12. Re1 Qd7 13. Rxe8+ Rxe8 14. h3
h6 15. Ne5 Qe6 16. Nxc6 Qxc6 17. f3 g5 18. Qd2 Nh7 19. Re1 Rxe1+ 20. Qxe1 Qa4
21. Qb1 Qb5 22. Qf1 Qxf1+ 23. Kxf1 Kg7 24. g4 Kg6 25. Bb4 f5 26. Be7 fxg4 27.
hxg4 Nf6 28. Bxf6 Kxf6 29. Ke2 b6 30. b4 a5 31. bxa5 bxa5 32. a4 1/2-1/2

[Event "New Zealand Major Open 2016"]
[Site "Devonport, Auckland NZL"]
[Date "2016.01.10"]
[Round "9.25"]
[White "Nylund, Timothy"]
[Black "Zhang, Leo Li Ao"]
[Result "0-1"]
[WhiteElo "1400"]
[BlackElo "1361"]
[PlyCount "70"]
[EventDate "2016.01.02"]

1. d4 d5 2. c4 Nf6 3. Nc3 Bf5 4. Bf4 e6 5. a3 c6 6. Qb3 Qb6 7. Qxb6 axb6 8. Nf3
Nbd7 9. e3 dxc4 10. Bxc4 b5 11. Bb3 Be7 12. O-O O-O 13. Rfe1 Ne4 14. Nxe4 Bxe4
15. Ne5 Nxe5 16. Bxe5 Rfd8 17. a4 Bd5 18. Bxd5 Rxd5 19. axb5 Rxa1 20. Rxa1 cxb5
21. Ra7 Rd7 22. Ra5 f6 23. Bf4 e5 24. Bg3 b4 25. h3 exd4 26. exd4 Rxd4 27. Bc7
Rd1+ 28. Kh2 Rd2 29. Rb5 Rxb2 30. Rxb7 Rxf2 31. Ba5 Bd6+ 32. Kg1 Rb2 33. Rb6
Bc5+ 34. Kh2 Bxb6 35. Bxb6 Rc2 0-1